Mapa comparativo del proceso de trasformación de la cobertura vegetal. (Registro nro. 18572)

Detalles MARC
000 -CABECERA
Campo de control 01007nem a2200217 u 4500
005 - FECHA Y HORA DE LA ULTIMA TRANSACCION
Campo de control 20200104041744.0
008 - ELEMENTOS DE LONGITUD FIJA—INFORMACION GENERAL
Campo de control 160516b1997 c ||||| |a|| 00| 0 spa d
040 ## - FUENTE DE CATALOGACIÓN
Agencia catalogadora original CO-BoIAVH
Agencia transcriptora CO-BoIAVH
041 ## - IDIOMA
Código de idioma para texto/pista de sonido o título separado Español
044 ## - PAÍS DE PUBLICACIÓN
País de publicación Colombia
090 ## - CLASIFICACIÓN LOCAL
Colección MC-
Consecutivo 0228
110 2# - ASIENTO PRINCIPAL--NOMBRE CORPORATIVO
Nombre corporativo o de jurisdicción como elemento de entrada Instituto de Investigación de Recursos Biológicos Alexander von Humboldt.
245 ## - MENCION DE TITULO
Título Mapa comparativo del proceso de trasformación de la cobertura vegetal.
Parte restante del título Estudio de caso : San Juan Nepumuceno y Zambrano Departamento de Bolívar.
Medio físico [Material Cartografico]/
255 ## - DATOS MATEMATICOS CARTOGRAFICOS
Mención de escala 1:100000
260 ## - PUBLICACION, DISTRIBUCION, ETC. (PIE DE IMPRENTA)
Lugar de publicación, distribución, etc. Bogotá :
Nombre del editor, distribuidor, etc. nstituto de Investigación de Recursos Biológicos Alexander von Humboldt,
Fecha de publicación, distribución, etc. 1997
300 ## - DESCRIPCION FISICA
Extensión 1 mapa :
Otros detalles físicos color. ;
Dimensiones 66 x 62 cm
650 16 - ASIENTO SECUNDARIO DE MATERIA - TERMINO TEMATICO
Término temático o nombre geográfico como elemento de entrada Bosques
Subdivisión geográfica San Juan Nepumuceno ( Colombia)
-- Zambrano ( Colombia)
650 16 - ASIENTO SECUNDARIO DE MATERIA - TERMINO TEMATICO
Término temático o nombre geográfico como elemento de entrada Cultivos
Subdivisión geográfica San Juan Nepumuceno ( Colombia)
-- Zambrano ( Colombia)
650 16 - ASIENTO SECUNDARIO DE MATERIA - TERMINO TEMATICO
Término temático o nombre geográfico como elemento de entrada Recursos de la tierra
Subdivisión geográfica San Juan Nepumuceno ( Colombia)
-- Zambrano ( Colombia)
942 ## - ELEMENTOS ADICIONALES (KOHA)
Sistema de clasificación Local
Tipo de ítem Mapa
Existencias
Withdrawn status Lost status Sistema de Clasificación Damaged status No para préstamo Colección Ubicación Permanente Ubicación actual Fecha de adquisición Total Checkouts Número topográfico Inventario / Código de Barras Date last seen Ejemplar Price effective from Tipo de material
    Local       Bogotá Bogotá 16/05/2016   MC-0228 040237 16/05/2016 Ej.1 16/05/2016 Mapa